Music Quiz

Random Music or Album Quiz

Songs on 'Purpose' Quiz Stats

Quiz Updated Jul 15, 2016

Also try: Songs on 1989
Challenge
Share
Tweet
Score 0/13 Timer 04:00
2 Plays Today
No Track % Correct
4Sorry
92.9%
13Purpose
87.7%
3What Do You Mean?
86.8%
5Love Yourself
85.3%
6Company
76.4%
1Mark My Words
71.5%
2I'll Show You
71.3%
12Children
70.6%
11Where Are Ü Now
70.4%
8No Sense
67.2%
7No Pressure
67%
9The Feeling
66.4%
10Life Is Worth Living
65.5%

You're not logged in!

Compare scores with friends on all Sporcle quizzes.
Join for Free
OR
Log In

You Might Also Like...

Show Comments

Extras

Top Quizzes Today


Score Distribution

Your Account Isn't Verified!

In order to create a playlist on Sporcle, you need to verify the email address you used during registration. Go to your Sporcle Settings to finish the process.

Report this User

Report this user for behavior that violates our Community Guidelines.

Details: